El legado pedagógico del siglo XX para la escuela del siglo XXI (Record no. 20607)

MARC details
000 -LEADER
campo de control de longitud fija 01866nmc a2200661 a 4500
003 - IDENTIFICADOR DE NÚMERO DE CONTROL
campo de control AR-BaBNM
005 - FECHA Y HORA DE LA ÚLTIMA TRANSACCIÓN
campo de control 20251128211646.0
008 - DATOS DE LONGITUD FIJA--INFORMACIÓN GENERAL
campo de control de longitud fija 195020s2001 ||||||||||||||000 | spa||
020 ## - NÚMERO INTERNACIONAL ESTÁNDAR DEL LIBRO
Número Internacional Estándar del Libro 84-7827-256-9
040 ## - FUENTE DE CATALOGACIÓN
Centro/agencia transcriptor AR-BaBNM
245 10 - MENCIÓN DEL TÍTULO
Título El legado pedagógico del siglo XX para la escuela del siglo XXI
250 ## - MENCION DE EDICION
Mención de edición 1ª ed.
260 ## - PUBLICACIÓN, DISTRIBUCIÓN, ETC.
Lugar de publicación, distribución, etc. Barcelona
Nombre del editor, distribuidor, etc. Graó
Fecha de publicación, distribución, etc. 2001
300 0# - DESCRIPCIÓN FÍSICA
Extensión 360 p.
490 #0 - MENCIÓN DE SERIE
Mención de serie Colección Graó. Serie Historia de la Educación
Designación de volumen o secuencia 159
500 0# - NOTA GENERAL
Nota general Contiene cronología de acontecimientos importantes del siglo veinte
504 ## - NOTA DE BIBLIOGRAFÍA, ETC.
Nota de bibliografía, etc. Nota Incluye bibliografía al final de cada capítulo
600 14 - PUNTO DE ACCESO ADICIONAL DE MATERIA--NOMBRE DE PERSONA
Nombre de persona Dewey, John
600 14 - PUNTO DE ACCESO ADICIONAL DE MATERIA--NOMBRE DE PERSONA
Nombre de persona Ferrer Guardia, Francisco
600 14 - PUNTO DE ACCESO ADICIONAL DE MATERIA--NOMBRE DE PERSONA
Nombre de persona Montessori, María
600 14 - PUNTO DE ACCESO ADICIONAL DE MATERIA--NOMBRE DE PERSONA
Nombre de persona Decroly, Ovide
600 14 - PUNTO DE ACCESO ADICIONAL DE MATERIA--NOMBRE DE PERSONA
Nombre de persona Makarenko, Anton
600 14 - PUNTO DE ACCESO ADICIONAL DE MATERIA--NOMBRE DE PERSONA
Nombre de persona Neill, Alexander S.
600 14 - PUNTO DE ACCESO ADICIONAL DE MATERIA--NOMBRE DE PERSONA
Nombre de persona Piaget, Jean
600 14 - PUNTO DE ACCESO ADICIONAL DE MATERIA--NOMBRE DE PERSONA
Nombre de persona Vigotsky, Liev Semiónovich
600 14 - PUNTO DE ACCESO ADICIONAL DE MATERIA--NOMBRE DE PERSONA
Nombre de persona Skinner, Burrhus Frederic
600 14 - PUNTO DE ACCESO ADICIONAL DE MATERIA--NOMBRE DE PERSONA
Nombre de persona Freinet, Cèlestin
600 14 - PUNTO DE ACCESO ADICIONAL DE MATERIA--NOMBRE DE PERSONA
Nombre de persona Illich, Ivan
600 14 - PUNTO DE ACCESO ADICIONAL DE MATERIA--NOMBRE DE PERSONA
Nombre de persona Bernstein, Basil
600 14 - PUNTO DE ACCESO ADICIONAL DE MATERIA--NOMBRE DE PERSONA
Nombre de persona Freire, Paulo
650 #4 - PUNTO DE ACCESO ADICIONAL DE MATERIA--TÉRMINO DE MATERIA
Término de materia o nombre geográfico como elemento de entrada TEORIAS DE LA EDUCACION
650 #4 - PUNTO DE ACCESO ADICIONAL DE MATERIA--TÉRMINO DE MATERIA
Término de materia o nombre geográfico como elemento de entrada HISTORIA DE LA EDUCACION
650 #4 - PUNTO DE ACCESO ADICIONAL DE MATERIA--TÉRMINO DE MATERIA
Término de materia o nombre geográfico como elemento de entrada SIGLO VEINTE
650 #4 - PUNTO DE ACCESO ADICIONAL DE MATERIA--TÉRMINO DE MATERIA
Término de materia o nombre geográfico como elemento de entrada METODOS DE ENSENANZA
650 #4 - PUNTO DE ACCESO ADICIONAL DE MATERIA--TÉRMINO DE MATERIA
Término de materia o nombre geográfico como elemento de entrada PEDAGOGIA
653 ## - TÉRMINO DE INDIZACIÓN--NO CONTROLADO
Término no controlado MODELOS EDUCATIVOS
653 ## - TÉRMINO DE INDIZACIÓN--NO CONTROLADO
Término no controlado PEDAGOGOS
700 1# - ENTRADA AGREGADA--NOMBRE PERSONAL
Nombre de persona Trilla, J.
Término indicativo de función/relación coordinador
700 1# - ENTRADA AGREGADA--NOMBRE PERSONAL
Nombre de persona Cano, E.
700 1# - ENTRADA AGREGADA--NOMBRE PERSONAL
Nombre de persona Carretero, M.
700 1# - ENTRADA AGREGADA--NOMBRE PERSONAL
Nombre de persona Escofet, A.
700 1# - ENTRADA AGREGADA--NOMBRE PERSONAL
Nombre de persona Fairstein, G.
700 1# - ENTRADA AGREGADA--NOMBRE PERSONAL
Nombre de persona Fernández Fernández, J.A.
700 1# - ENTRADA AGREGADA--NOMBRE PERSONAL
Nombre de persona González Monteagudo, J.
700 1# - ENTRADA AGREGADA--NOMBRE PERSONAL
Nombre de persona Gros, B.
700 1# - ENTRADA AGREGADA--NOMBRE PERSONAL
Nombre de persona Imbernón, F.
700 1# - ENTRADA AGREGADA--NOMBRE PERSONAL
Nombre de persona Lorenzo, N.
700 1# - ENTRADA AGREGADA--NOMBRE PERSONAL
Nombre de persona Monés, J.
700 1# - ENTRADA AGREGADA--NOMBRE PERSONAL
Nombre de persona Muset, M.
700 1# - ENTRADA AGREGADA--NOMBRE PERSONAL
Nombre de persona Pla, M.
700 1# - ENTRADA AGREGADA--NOMBRE PERSONAL
Nombre de persona Puig, J.M.
700 1# - ENTRADA AGREGADA--NOMBRE PERSONAL
Nombre de persona Rodríguez Illera, J.L.
700 1# - ENTRADA AGREGADA--NOMBRE PERSONAL
Nombre de persona Solà, P.
700 1# - ENTRADA AGREGADA--NOMBRE PERSONAL
Nombre de persona Tort, A.
700 1# - ENTRADA AGREGADA--NOMBRE PERSONAL
Nombre de persona Vila, I.
942 ## - ELEMENTOS DE ENTRADA SECUNDARIOS (KOHA)
Tipo de ítem Koha Libros
998 ## - INFORMACIÓN DE CONTROL LOCAL (RLIN)
Iniciales del catalogador, CIN (RLIN) calidad
Holdings
Estatus retirado Estado de pérdida Fuente de la clasificación o esquema de estantería Estado de daño No para préstamo Biblioteca de origen Biblioteca actual Fecha de adquisición Fuente de adquisición Total de préstamos Signatura topográfica completa Código de barras Visto por última vez Precio de reemplazo Tipo de ítem Koha
    Clasificación Decimal Dewey     Liberty Liberty 28/11/2025 C-BP-0002   37[091] TRI 136854 28/11/2025 28/11/2025 Libros
    Clasificación Decimal Dewey     Liberty Liberty 28/11/2025 C-BP-0002   37[091] TRI 136855 28/11/2025 28/11/2025 Libros